| 000 | 00892nam a22002297a 4500 | ||
|---|---|---|---|
| 005 | 20160205165628.0 | ||
| 008 | 090109t xxu||||| |||| 00| 0urd d | ||
| 010 | _aUR-9292 | ||
| 020 |
_c500.00 _a978-9350736685 |
||
| 035 | _aU-7847 | ||
| 037 | _bDBAD/PUB | ||
| 040 |
_aDPL _burdu |
||
| 082 | _a854.27 | ||
| 100 |
_912785 _aمر تبہ : ا فر و ز عا لم |
||
| 245 |
_aّّّّّّّّکو يت مين ا د بی پيش ر فت _c مر تبہ : ا فر و ز عا لم |
||
| 246 |
_aKuwait Mein Adabi Pesh Raft _b By Afroz Alam |
||
| 260 |
_aد ھلی _bا يجو کيشنل پبليشنگ ہا ؤ س _c2015 ء |
||
| 270 |
_a3191،Street Vakil Kucha Pandit Lal Kuan, _bDelhi _e110006 _k23216162 |
||
| 300 |
_a400ص _c22 cm(hb) |
||
| 700 |
_954088 _aتر تیب و تہز یب : محمد فہیم ا ختر ند و ی |
||
| 942 |
_2ddc _cUR _h854.27 _mا ف ر |
||
| 999 |
_c98830 _d98830 |
||